LIBRARY & INFORMATION CENTRE, KCAET, TAVANUR

ONLINE PUBLIC ACCESS CATALOGUE (OPAC)

Automotive mechanics / (Record no. 2390)

MARC details
000 -LEADER
fixed length control field 00504cam a2200205ua 4500
041 ## - LANGUAGE CODE
Language code of text/sound track or separate title eng
082 ## - DEWEY DECIMAL CLASSIFICATION NUMBER
Classification number 629.2
Item number CRO/AU
100 ## - MAIN ENTRY--AUTHOR NAME
Personal name Crouse, William.H .
245 ## - TITLE STATEMENT
Title Automotive mechanics /
250 ## - EDITION STATEMENT
Edition statement 8 /
260 ## - PUBLICATION, DISTRIBUTION, ETC. (IMPRINT)
Place of publication :
Name of publisher Tata Mc-Graw Hill Publishing Company ,
Year of publication 1984.
300 ## - PHYSICAL DESCRIPTION
Number of Pages 634 ; .
942 ## - ADDED ENTRY ELEMENTS (KOHA)
Koha item type Books
Holdings
Withdrawn status Lost status Damaged status Home library Current library Date acquired Full call number Accession Number Koha item type
Withdrawn   Damaged KAUAET KAUAET 12/02/1986 629.2 14901 Books
      KAUAET KAUAET 07/04/2012 629.2 15725 Books
      KAUAET KAUAET 12/02/1986 629.2 14902 Books
free website counter